000 00646cam a22002293a 4500
001 7968
003 PGUSA
005 20140828083151.0
008 050401s2005||||xxu|||||s|||||000 1 eng d
040 _aPGUSA
_beng
042 _adc
050 4 _aPR
100 1 _aPhillpotts, Eden,
_d1862-1960
245 1 0 _aLying Prophets :
_bA Novel
_h[electronic resource] /
_cEden Phillpotts
260 _bProject Gutenberg,
_c2005
506 _aPublic domain in the USA.
516 _aElectronic text
653 _aMan-woman relationships -- Fiction
830 0 _aProject Gutenberg
_v7968
856 4 0 _uhttp://www.gutenberg.org/ebooks/7968
942 _cEB
999 _c237268
_d237268